000 00765nac a22001811u 4500
008 080828s ua|||||r|||| 001 0 ara d
082 _a190
_bأ م ي
_222
100 _aامين، عثمان
_9220
245 _aالجوانية:
_bاصول عقيدة وفلسفة ثورة/
_cعثمان امين
260 _aالقاهرة:
_bدار القلم،1964
_c1964.
300 _a256 ص؛
_c24 سم
500 _aيحتوى على كشافات
511 _aCatalogued by: Sara
541 _aألف باء;
_cشراء;
650 _aالفلسفة الحديثة
_915182
942 _cBB
_k190 ا م ي
_2ddc
999 _c5987
_d5987